Statistiques concernant Les noms de famille les plus courants au Royaume-Uni

Cliquez ici pour prendre le quiz!

Statistiques générales

  • Ce quiz a été pris 83 fois
  • Le résultat moyen est 3 sur 10

Statistiques - réponses

PopulationNom de famille% Correct
4,2 millionsSmith
92%
2,4 millionsJones
42%
1,8 millionWilliams
38%
1,5 millionBrown
23%
1,4 millionTaylor
20%
1,2 millionWilson
16%
1,2 millionDavies
15%
1 millionEvans
7%
900 000Patel
4%
700 000Singh
3%

Distribution des résultats

Percentile par nombre de réponses

% des personnes avec chaque résultat

Votre développement - résultats

Vous n’avez pas pris ce quiz